000 01498nam a2200301Ia 4500
003 Ost
005 20260507075612.0
008 260507s9999||||xx |||||||||||||| ||und||
020 _a47864790
040 _cfsecg
041 _aara
082 _a330.1543
100 _aهندرسون، جيمس.م
_eمؤلف
245 0 _aنظرية اقتصاديات الوحدة :
_bأسلوب رياضي /
_c جيمس.م هندرسون
260 _aالرياض:
_bدار المريخ,
_c1983
300 _a508 صفحة؛
_bإيضاحات ؛
_c24 سم
490 _aكتب الاقتصاد
504 _aالملاحق ص.451
520 _aنظريات سلوك المستهلك، موضوعات في سلوك المستهلك، نظريات المؤسسات والشركات التجارية والمالية، موضوعات في نظرية المؤسسة، توازن السوق، الاحتكار الثنائي واحتكار القلة واحتكار بين الطرفين، توازن الأسواق المتعددة، موضوعات في توازن الأسواق المتعددة، اقتصاديات الرفاهية، تحقيق الأمثلية عبر الزمن
653 _aالإحتكار
653 _aالاقتصاد الجزئي
653 _aالإقتصاد-نظريات
653 _aالتفاضل
653 _aالتكامل
653 _aالرياضيات المالية
700 _aأ.كوندات، ريتشارد
_eمؤلف ثانوي
942 _cكتاب
999 _c45075
_d45075